| 000 | 00824nam a2200217Ia 4500 | ||
|---|---|---|---|
| 003 | GCL | ||
| 008 | 140319s9999 xx 000 0 ara d | ||
| 040 |
_aGCL / _cGCL |
||
| 082 | 0 | 4 |
_aم _b947.01 _bب ت |
| 100 | 1 | _aصلاح الدين عثمان هاشم | |
| 245 | 1 | 0 |
_aتركستان من الفتح العربى الى الغزو المغولى / _cصلاح الدين عثمان هاشم |
| 700 | 1 | _aبارتولد، فاسيلى فلاديميروفتش | |
| 260 |
_a[S.N] : _bالمجلس الوطنى للثقافة والفنون والاداب ، _c1981 |
||
| 300 | _a1040 ص | ||
| 490 |
_aشكاوى المصرى الفصيح _v0 |
||
| 650 | 0 | 4 | _aالفتوحات الاسلامية |
| 650 | 0 | 4 | _aالتاريخ الاسلامى |
| 650 | 0 | 4 | _aالتاريخ |
| 650 | 0 | 4 | _aتركستان |
| 942 |
_2ddc _cREF |
||
| 999 |
_c59427 _d59427 |
||